000 00385 a2200169 4500
001 46660
020 _a8570566441
040 _cAnchieta - Aquarius
100 _aJunqueira, Sônia
240 1 0 _aA maravilhosa roupa do rei
_lpor
245 1 0 _aA maravilhosa roupa do rei
300 _a24
362 0 _a1994
440 1 _aAtual
650 4 _aLiteratura infanto-juvenil
942 _cBK
999 _c46660
_d46660